000 00506nam a2200145 a 4500
001 000027953
005 20240226134949.0
008 110406s2005 dr c r 000 0 spa d
040 _aDO-SdBNP
_bspa
_cBNPHU
082 _axxxx
_bP438r
100 1 _aPérez Saviñón, José Joaquín
_955022
245 1 0 _aResumén de la verdadera historia del general Juán Pablo Duarte y Diez /
_cJosé Joaquín Pérez Saviñón.
260 _aSanto Domingo :
_bInstituto Duartiano,
_c2005.
300 _a24 p. :
_bretr. ;
_c15 cm.
999 _c27445
_d27445